000 00819nas a2200277 4500
001 BR0801461
003 BR-BrBNA
005 20231205111712.0
007 ta
008 230509b bl.|||p| |||| 00| 00por d
040 _aBR-BrBNA
_bpor
_cBiblioteca Nacional de Agricultura
041 _a(En)
072 _aL72
100 1 _aThatcher, V.E.
100 1 _aBlumenfeldt, C.L.
245 1 _aAnilocara montti sp. n. (Isopoda, Cymothoidae)a parasite of caged salmon and trout in Chile
650 _aCRUSTÁCEO
650 _aTAXONOMIA ANIMAL
650 _aPARASITO
650 _aTRUTA
650 _aSALMÃO
650 _aCHILE
773 0 _tRevista Brasileira de Zoologia (Brazil)
_xISSN 0101-8175
_g(Jun 2001), v. 18(1) p. 269-276
_wBR0801461
909 _a202311
_bLúcia
_c55
_dLúcia Elande
942 _2AGRIS
_n0
_cANA
999 _c194038
_d194038